Boj bez víťazov

Ciele, rôzne prístupy a fungovanie internetových vyhľadávačov. Pasce a nástrahy. Účel odkazovačov.

Salvato in:
Dettagli Bibliografici
Autore principale: Blatnický, Martin
Natura: Capitolo di libro
Lingua:slovacco
Soggetti:
Tags: Aggiungi Tag
Nessun Tag, puoi essere il primo ad aggiungerne!!

MARC

LEADER 00000naa$a2200000$$$4500
001 0034340
005 20231009070804.2
041 0 |a slo 
044 |a SK 
245 1 0 |a Boj bez víťazov  |c Martin Blatnický 
520 |a Ciele, rôzne prístupy a fungovanie internetových vyhľadávačov. Pasce a nástrahy. Účel odkazovačov. 
610 2 0 |a internet 
610 2 0 |a báza dát 
610 2 0 |a zdroje informácií 
610 2 0 |a zdroje informačné elektronické 
610 2 0 |a firmy 
610 2 0 |a používatelia 
610 2 0 |a technológie informačné 
610 2 0 |a technológie komunikačné 
100 1 |a Blatnický, Martin